[Event "St Petersburg zt"]
[Site "St Petersburg"]
[Date "1993.??.??"]
[Round "9"]
[White "Balashov, Yuri S"]
[Black "Tiviakov, Sergei"]
[Result "0-1"]
[WhiteElo "2545"]
[BlackElo "2575"]
[Annotator "Dautov,R"]
[PlyCount "108"]
[EventDate "1993.01.??"]
[EventType "swiss"]
[EventRounds "9"]
[EventCountry "RUS"]
[SourceTitle "CBM 034"]
[Source "ChessBase"]
[SourceDate "1993.06.01"]
[SourceVersion "1"]
[SourceVersionDate "1993.06.01"]
[SourceQuality "1"]

1. Nf3 {Chekhov} Nf6 2. c4 b6 3. g3 e6 4. Bg2 Bb7 5. Nc3 Be7 6. d4 O-O 7. Qc2
c5 8. d5 exd5 9. Ng5 h6 $1 (9... g6 10. cxd5 d6 11. h4 $1 $40) 10. Nxd5 (10. h4
$5 {Chekhov}) 10... Bxd5 11. cxd5 (11. Bxd5 $1 Nc6 12. Bxc6 dxc6 13. Nf3 Qd7
14. O-O Qh3 15. Bf4 (15. b3 $1 Rfe8 16. Bb2 $14) 15... Rfe8 16. Rad1 Bf8 17.
Bd6 Re6 18. Bxf8 Rxf8 $10 {Vladimirov,E-Zagrebelny,S URS 1988}) 11... hxg5 $1 {
N} (11... d6 12. Nh3 Nbd7 13. O-O b5 14. e4 c4 15. f4 Rc8 16. Nf2 Qb6 17. Qe2
Rfe8 18. Be3 $14 {Van der Sterren,P-Karner,H Tallinn 1987}) 12. d6 Nc6 13. dxe7
Qxe7 14. Bxg5 (14. Bxc6 dxc6 15. Bxg5 Rfe8 16. e3 $2 Qe4 $1 17. O-O-O Qxc2+ 18.
Kxc2 Ne4 $19) 14... d5 15. e3 (15. O-O $5 Nd4 16. Bxf6 (16. Qd1 Nxe2+ 17. Kh1
Rfe8 $1 (17... Nd4 {Chekhov} 18. Bxf6 Qxf6 19. Bxd5 Rad8 $15) 18. Re1 $2 Ng4 $1
$19) (16. Qd2 Qxe2 $1 $17) 16... gxf6 17. Qd1 Qxe2 (17... Nxe2+ $2 18. Kh1 {
/\Re1}) 18. Bxd5 Rad8 19. Bg2 Rfe8 $10) (15. Rd1 Nd4 16. Qd3 Rad8 17. e3 Ne6
$10) (15. Bxf6 {Chekhov} Qxf6 16. Bxd5 Nb4 17. Qb3 Nxd5 18. Qxd5 Qxb2 $17)
15... Qe6 $1 16. Bxf6 (16. O-O Ne4 (16... Nh7 17. h4 $13) 17. Bf4 Nb4 (17...
Qf5 $6 18. g4 $1) 18. Qe2 c4 $132) 16... Qxf6 17. O-O Rad8 $10 18. Rfd1 (18.
Rad1 $5 Rd6 19. f4 Rfd8 20. Qf2 (20. a3 Na5 $1 21. e4 dxe4 22. Bxe4 Rd4 $15)
20... c4 21. a3 b5 $15) 18... Rd6 19. Rd2 (19. Rxd5 $5 {Chekhov} Rxd5 20. Bxd5
Nb4 21. Qb3 Nxd5 22. Qxd5 Qxb2 23. Rd1 $13) 19... Rfd8 20. Rad1 Qe5 $1 (20...
d4 21. Bxc6 Rxc6 22. exd4 Rxd4 23. Rxd4 cxd4 24. Qe4 Rd6 $10) 21. Qa4 g6 22. a3
$6 (22. Qf4 Qxf4 23. gxf4 d4 (23... Ne7 $5) 24. Bxc6 Rxc6 25. exd4 Rcd6 26. f5
$1 $10) 22... Na5 $1 {><c4,b3} 23. Qf4 (23. Bf1 c4 $17) (23. b4 {Chekhov} Nc4
24. Rc2 Nb2 $19) (23. Qc2 {Chekhov} c4 {/\ Nb3, b5,d4-/+}) 23... Qxf4 24. gxf4
d4 $17 25. b4 (25. exd4 {Chekhov} Nb3 26. Rd3 Nxd4 27. Kf1 a5 $17) 25... Nb3 (
25... Nc4 {Chekhov} 26. bxc5 bxc5 27. Rc2 dxe3 28. Rxd6 exf2+ 29. Kxf2 Nxd6 30.
Rxc5 $10) 26. bxc5 bxc5 27. Rc2 a5 28. a4 (28. Kf1 $142 a4 $17) (28. exd4 {
Chekhov} Rxd4 29. Rxd4 Rxd4 $17) 28... dxe3 29. Rxd6 exf2+ 30. Kxf2 Rxd6 31.
Rc3 Rd2+ 32. Kf1 (32. Kg3 Nd4 33. Rxc5 Nf5+ (33... Ne2+ {Chekhov} 34. Kf3 Nxf4
$17) 34. Kh3 Rd3+ 35. Kg4 Ra3 36. Bc6 (36. Rxa5 $2 Ne3+ 37. Kh3 Nc4+ $19) 36...
Nd4 37. Bd7 f5+ 38. Kg5 Kg7 $19) 32... Rb2 33. Bd5 c4 $1 34. h4 (34. h3 $5 {
Chekhov}) 34... Ra2 35. Bxc4 Nd2+ 36. Ke1 Nxc4 37. Rxc4 Kg7 $19 38. f5 (38. Kf1
Kh6 39. Kg1 f5 $19) (38. h5 gxh5 39. Rc5 Rxa4 40. Rxh5 Ra2 41. Rb5 Kf6 42. Kf1
a4 43. Ra5 a3 44. Kg1 Ke6 45. Kh1 f5 46. Kg1 Kd6 $19) 38... gxf5 39. Rc5 Rxa4
40. Rxf5 Re4+ (40... Ra2 {Chekhov} 41. Kd1) 41. Kf2 a4 42. h5 Rh4 43. Ra5 Rh2+
44. Ke1 (44. Kg3 Ra2 45. Ra6 a3 46. Kh3 Ra1 47. Kg2 a2 48. Kh2 f5 $19) (44. Kg1
{Chekhov} Ra2 45. Kf1 a3 46. Kg1 Ra1+ 47. Kg2 a2 48. Kh2 f5 $19) 44... Rh1+ 45.
Kd2 Rh4 46. Rg5+ Kh6 47. Ra5 Rh2+ 48. Kc1 (48. Kd1 $1 $17 {Chekhov}) 48... Rxh5
49. Ra6+ Kg7 50. Rxa4 Rd5 51. Ra2 Kg6 52. Rf2 (52. Rg2+ {Chekhov} Kh5 53. Rh2+
Kg4 54. Rg2+ Kf3 $19) 52... f5 53. Rd2 Rxd2 54. Kxd2 Kg5 0-1

[Event "Nikolaev zt"]
[Site "Nikolaev"]
[Date "1995.??.??"]
[Round "9"]
[White "Novikov, Igor A"]
[Black "Lerner, Konstantin Z"]
[Result "1-0"]
[WhiteElo "2590"]
[BlackElo "2560"]
[Annotator "Dautov,R"]
[PlyCount "89"]
[EventDate "1995.03.??"]
[EventType "swiss"]
[EventRounds "11"]
[EventCountry "UKR"]
[SourceTitle "CBM 047"]
[Source "ChessBase"]
[SourceDate "1995.08.01"]
[SourceVersion "1"]
[SourceVersionDate "1995.08.01"]
[SourceQuality "1"]

1. d4 Nf6 2. c4 e6 3. Nf3 b6 4. g3 Ba6 5. b3 Bb4+ 6. Bd2 Be7 7. Bg2 O-O 8. O-O
d5 9. cxd5 exd5 10. Nc3 Bb7 11. Bc1 Nbd7 (11... Re8 $5 12. Bb2 Bd6 13. Rc1 a6
14. e3 Nbd7 15. Re1 Ne4 16. Re2 Qf6 17. Nxe4 dxe4 18. Ne5 Qf5 19. Nc4 Bf8 20.
Ba3 Re6 21. Bxf8 Rxf8 22. Rec2 Bd5 {1/2:1/2 Cvitan,O-Psakhis,L Palma-GMA 1989})
12. Bb2 Bd6 13. Rc1 (13. Nb5 Be7 14. Rc1 a6 $1 (14... c6 15. Nc3 $14 {/\Nd2,e4}
) 15. Nc3 Bd6) 13... a6 14. Nd2 $1 (14. Rc2 Qe7 15. Nh4 Qe6 16. Qc1 b5 17. Qg5
g6 18. Nf3 Rae8 19. Qh4 Ne4 20. Nxe4 Qxe4 21. Rfc1 Qxh4 22. Nxh4 Nb6 23. Bh3 b4
24. Re1 f6 25. Bc1 Bc8 26. Bxc8 Nxc8 $10 {Stempin-Farago,I/Praha zt 1985})
14... Rb8 (14... Re8 $5 15. Nc4 Bf8 16. Ne3 c6 17. Nc2 a5 18. Ne1 Bd6 19. Nd3
Ne4 $10) 15. Re1 c5 $2 (15... Re8 {>=} 16. e4 dxe4 17. Ncxe4 Nxe4 18. Nxe4 Bb4
$10 {/\f5}) 16. e4 $1 dxe4 (16... cxd4 17. Nxd5 Nxd5 18. exd5 Nf6 19. Ne4 Nxd5
20. Qxd4 f6 21. Nxd6 Qxd6 22. Rcd1 $16) 17. Ncxe4 Be7 (17... Nxe4 18. Nxe4 Bxe4
(18... Be7 19. dxc5 (19. d5 f5 20. Nc3 $14) 19... Nxc5 (19... bxc5 20. Qg4 $16)
20. Nxc5 Bxc5 21. Be5 Bxg2 22. Bxb8 $16) 19. Bxe4 Nf6 20. Bf3 $16 {^^}) 18.
dxc5 Bxe4 (18... Nxc5 19. Bxf6 Bxf6 20. Nxc5 bxc5 21. Rxc5 $16) (18... bxc5 19.
Bxf6 Nxf6 20. Nxf6+ Bxf6 21. Rxc5 $16) 19. Nxe4 Nxc5 20. Bxf6 Bxf6 21. Nxc5
bxc5 22. Rxc5 Qb6 (22... Qxd1 23. Rxd1 Rfd8 (23... Rfc8 $5) 24. Rxd8+ Rxd8 25.
Bb7 g6 26. Bxa6 Rd2 27. a4 Bd4 28. Rc7 $16) 23. Rc6 Qb5 24. Qc2 Rb6 $6 25. Rc5
Qd7 (25... Qb4 26. Re4 Qa3 27. Ra4 Qb2 28. Qxb2 Bxb2 29. Rc6 Rxc6 30. Bxc6 $18)
26. Rd1 Rd6 27. Rxd6 Qxd6 28. Rc6 Qa3 29. Be4 $1 h6 30. Bd5 {/\Rxf6,><f7} Bb2 (
30... Rd8 $2 31. Rxf6 Rxd5 32. Qc8+ Kh7 33. Rxa6 $18) (30... Kh8 31. Rc8 Qe7
32. Rxf8+ Qxf8 33. Qc4 $18) 31. Rc8 $1 Bf6 (31... a5 32. Rxf8+ Kxf8 33. Qc8+
Ke7 34. Qc7+ $18) 32. Qc4 $18 a5 33. Bxf7+ Kh8 34. Rxf8+ Qxf8 35. Bg6 Qd8 36.
Kg2 Be7 37. Be4 Bb4 38. Qe6 Qf6 39. Qe8+ Bf8 (39... Qf8 40. Qg6 Kg8 41. Bd5+
Kh8 42. h4 $18) 40. Qa8 Qe7 41. Bd3 Qb4 42. Qd5 Qc5 43. Qe4 Kg8 44. Qe6+ Kh8
45. h4 1-0

[Event "Biel"]
[Site "Biel"]
[Date "1986.07.31"]
[Round "10"]
[White "Polugaevsky, Lev"]
[Black "Klinger, Josef"]
[Result "1-0"]
[WhiteElo "2575"]
[BlackElo "2430"]
[Annotator "Dolmatov,S"]
[PlyCount "45"]
[EventDate "1986.07.20"]
[EventType "tourn"]
[EventRounds "11"]
[EventCountry "SUI"]
[EventCategory "12"]
[SourceTitle "MCL"]
[Source "ChessBase"]
[SourceDate "1999.07.01"]
[SourceVersion "1"]
[SourceVersionDate "1999.07.01"]
[SourceQuality "1"]

1. Nf3 Nf6 2. c4 b6 3. g3 e6 4. Bg2 Bb7 5. d4 Be7 6. Nc3 Ne4 7. Bd2 f5 8. Qc2
Nxc3 9. Bxc3 Be4 10. Qd2 d5 $6 (10... Bf6 11. O-O O-O 12. Ne1 Bxg2 13. Nxg2 Qe7
14. Qd3 Qf7 $10 {Inkiov,V-Prandstetter,E/Warszawa/1987/}) 11. cxd5 exd5 (11...
Qxd5 12. O-O O-O 13. Ne1 Bxg2 14. Nxg2 $14) 12. O-O O-O 13. Bh3 Qd6 $2 (13...
Bxf3 $32 14. exf3 Nc6 15. Rae1 Bd6 16. Re6 Qd7 17. Rfe1 $14) 14. Ne5 $16 f4 15.
f3 Bf5 16. Bxf5 Rxf5 17. gxf4 Nd7 18. e4 Rff8 19. Kh1 Rad8 20. Rad1 g6 21. Rg1
Kh8 22. f5 $1 g5 (22... gxf5 23. Ng6+ hxg6 24. Qh6+ $18) 23. Qe2 1-0

[Event "Rubinstein Memorial 32nd"]
[Site "Polanica Zdroj"]
[Date "1995.??.??"]
[Round "11"]
[White "Sosonko, Gennadi"]
[Black "Tiviakov, Sergei"]
[Result "1-0"]
[WhiteElo "2525"]
[BlackElo "2655"]
[Annotator "Dolmatov,S"]
[PlyCount "59"]
[EventDate "1995.08.??"]
[EventType "tourn"]
[EventRounds "11"]
[EventCountry "POL"]
[EventCategory "14"]
[SourceTitle "CBM 049"]
[Source "ChessBase"]
[SourceDate "1995.12.01"]
[SourceVersion "1"]
[SourceVersionDate "1995.12.01"]
[SourceQuality "1"]

1. d4 {Hansen,Cu Ftacnik Dautov} Nf6 2. Nf3 e6 3. g3 b6 4. Bg2 Bb7 5. O-O Be7
6. c4 O-O 7. d5 exd5 8. Nh4 c6 9. cxd5 Nxd5 10. Nf5 Nc7 11. e4 (11. Nc3 Ne8 $5
(11... d6 12. Bf4 Ne8 13. Qd2 Na6 14. Rfd1 Nc5 15. Bxd6 Nxd6 16. Nxd6 Qxd6 17.
Qxd6 Bxd6 18. Rxd6 Rfd8 19. Rad1 Rxd6 20. Rxd6 Rc8 {+/- Sveshnikov,E-Platonov,
I/URS 30/(631) 1980}) (11... Ne6 12. Nd6 Ba6 13. Qd2 Qc7 14. Rd1 Bxd6 15. Qxd6
Qxd6 16. Rxd6 Re8 17. Be3 Nc7 18. a4 {~/= Romanishin,O-Savon,V/Lvov 32/(614)
1981}) (11... Nba6 12. e4 d6 13. Bf4 Ne8 14. Qd2 Nac7 15. Rfd1 Ne6 16. Nxe7+
Qxe7 17. Bxd6 Nxd6 18. Qxd6 Qxd6 19. Rxd6 c5 20. e5 Bxg2 21. Kxg2 Nd4 22. Rd1 {
1/2-1/2 Mozny Milos-Hracek Zbynek/Ch CZE Usti (Chehia) 1994}) (11... d5 12. e4
Bc5 (12... Nd7 13. Re1 d4 14. Nxd4 Ne5 15. Bf4 Bf6 16. Nf5 Ne6 $15 {Dolezal,
Martin-Tichy,Vladimir/Praha Metro-A (02) 1990}) 13. exd5 cxd5 14. Qg4 Qf6 15.
Bg5 Qg6 16. Nh4 Qe6 17. Qh5 Re8 18. Rad1 Nd7 19. Bf4 $44 {Dorfman,J-Agzamov,G/
URS-FL Tashkent ,MCL 06 1980}) 12. Bf4 Na6 13. Qd2 d5 14. e4 Nac7 15. Rad1 (15.
exd5 Nxd5 16. Nxd5 cxd5 17. Bxd5 Bxd5 18. Nxe7+ Qxe7 19. Qxd5 Nf6 20. Qf5 Rad8
21. Bg5 Qd7 {1/2-1/2 Kulcsar,G-Gosztola,I/HUN-ch32 ,CCS 01 1991}) 15... Bf6 16.
exd5 Nxd5 17. Nxd5 cxd5 18. Ne3 Nc7 19. Bxc7 Qxc7 {0,5/Timman,J-Karpov,A/
Tilburg/1983/}) 11... d5 (11... Ne6 {Hansen,Cu} 12. Nc3 g6 (12... Na6 13. Re1
d6 14. Nd5 cxd5 15. exd5 Bf6 16. dxe6 Bxg2 17. e7 $18 {Torres Javier-Izumikawa
Burt/It San Mateo (USA) 1994}) 13. Nxe7+ Qxe7 14. Bh6 Ng7 15. f4 d6 16. f5 f6
17. Bf4 Ne8 18. fxg6 hxg6 19. Qg4 Kg7 $15 {Marel,B,V,d-Pliester,L/Unitas
Groningen-HSG 1987}) (11... Ne8 {Hansen,Cu} 12. Nc3 Na6 13. Re1 d6 14. Qg4 Bc8
15. Bf4 Bxf5 16. Qxf5 Nac7 17. Rad1 $44 {Rosen,B-Morawietz,D/2.BLW 8990
Katernberg-KKS Cologne [2] 1989}) (11... d6 {Hansen,Cu} 12. Bf4 Ne8 13. Nc3 Nd7
14. Qe2 Nc5 15. Rfd1 Ne6 16. Bxd6 Nxd6 17. Nxd6 Bxd6 18. e5 $16 {Heinz,
J-Hofmann,M/2.BLS 9091/1991/26/}) 12. Re1 (12. Nc3 {Ftacnik} Nba6 (12... dxe4
13. Qg4 Bf6 14. Nxe4 Ne6 15. Rd1 h5 16. Qxh5 Nd7 17. Nh6+ {1-0/Piveny,I-Pilaj,
H/Velden op (8)/1994/}) (12... Bf6 13. exd5 (13. Re1 Bc8 14. Qf3 (14. g4 $5
Bxf5 15. gxf5 d4 16. Ne2 $13) 14... Be6 (14... Nd7 15. Bf4 $16) (14... Re8 15.
Rd1 $16) 15. g4 Nd7 16. Qg3 (16. Bf4 $2 dxe4 17. Nxe4 Bxb2 $17) 16... dxe4 $8
17. Bxe4 (17. Nxe4 Nd5 $15) 17... Nd5 18. g5 Be5 19. Qh4 {Romanishin,O-Epishin,
V/Beograd 46/731 1988} g6 20. Nh6+ Kh8 21. Bxd5 Bxd5 22. Nxd5 cxd5 23. Be3 (23.
Bf4 f6) 23... Bg7 24. Rad1 $44 {Romanishin,O-Epishin,V/Beograd/1988/1/2-1/2 
(66)}) (13. Bf4 Nd7 (13... Bc8 $5 14. g4 $1 (14. Bh3 Ne6 15. Bd6 Ng5 16. Bg4
Re8 $17 {Farkas,T-Zagrebelny,S/Caissa KFT(05) 1993 (27)}) 14... Nba6 15. Rc1 (
15. exd5 Bxc3 16. bxc3 Bxf5 17. gxf5 Nxd5 18. Bg3 Qf6 19. c4 $44 {Lagunov,
A-Rechlis,G/Berliner Sommer (06) ,EXP 47 1995}) 15... Bd7 (15... Bxf5 16. gxf5
Bg5 17. Bxc7 Nxc7 18. f4 Be7 19. exd5 Bc5+ 20. Kh1 cxd5 21. Nxd5 Nxd5 22. Qxd5
Qxd5 23. Bxd5 Rad8 24. Rcd1 Rfe8 25. Bc6 Rxd1 26. Rxd1 {1/2-1/2 Sosonko,
G-Tukmakov,V/Tilburg 38/718 1984}) 16. Qd2 Nc5 17. Bxc7 (17. e5 Be7 18. Nxe7+
Qxe7 19. Bg5 Qe6 20. h3 Qg6 21. f4 $13 {Kasparov,G-Karpov,An/Moscow (m/2) 38/
717 1984 (46)}) 17... Qxc7 18. exd5 Bxf5 19. gxf5 Rad8 20. b4 Nb7 21. Ne4 $14)
(13... d4 14. Ne2 c5 $17 {Roe,S-Piper,M/Lloyds Bank 1988 (30)}) 14. Re1 (14.
Rc1 $5) (14. Bxc7 Qxc7 15. exd5 cxd5 16. Nxd5 Bxd5 17. Bxd5 Rad8 $10) (14. exd5
$6 cxd5 (14... Nxd5 $5) 15. Re1 Nc5 16. Bd6 Re8 17. Qg4 g6 (17... Ne4 $4 18.
Nh6+ $18) 18. Bxc7 Qxc7 19. Nxd5 Bxd5 20. Bxd5 Rxe1+ 21. Rxe1 Rd8 22. Rd1 {
1/2-1/2 Hort,V-Olafsson,F/Buenos Aires 1980} (22. Rd1 Bxb2 $5 23. Nh6+ Kg7 24.
Nf5+ Kh8 $17)) 14... d4 (14... Ne6 15. Bd6 d4 16. Bxf8 Qxf8 17. Ne2 Ne5 18. f4
Nc4 19. e5 Be7 20. Qc2 b5 21. Rad1 Bc5 22. Rd3 g6 23. Nd6 Nxd6 {1/2-1/2
Caiafas,T-Magalotti,A/Dubai olm (09) 1986}) 15. Nxd4 Bxd4 16. Qxd4 Ne6 17. Qd2
Nxf4 18. Qxf4 Nc5 19. Rad1 Qe7 $10 {Zaitshik,G-Polovodin,I/URS 32/614 1981})
13... cxd5 14. Bf4 Nba6 15. Rc1 (15. Re1 {Hansen,Cu} Bc8 (15... Qd7 16. Bh3 Kh8
17. Ne4 Bxb2 18. Ng5 Qc6 19. Ne7 Qf6 20. Nxh7 Qd4 21. Qh5 g6 22. Qh4 Bxa1 23.
Nf6+ {1-0 Kasparov,G-Marjanovic,S/Malta ol 30/631 1980}) 16. Nd4 (16. Qh5 g6
17. Nh6+ Kg7 18. Qf3 Bg5 19. Ng4 Bxg4 20. Qxg4 Bxf4 21. Qxf4 Qf6 22. Qxf6+ {
1/2-1/2 Mozny-Prandstetter/Praha (02) 1986}) 16... Qd7 17. Rc1 Bb7 $15 {
Kusorkin-Zlotnik,B/URS 31/618 1981 (32)}) 15... Qd7 16. Bh3 Ne6 17. Ne4 {
Hergott,D-Kosashvili,Y/Novi Sad olm (03) CAN-ISL 1990} Qd8 18. Nxf6+ Qxf6 19.
Bd6 Rfe8 20. f4 Nec5 21. Be5 Rxe5 22. fxe5 Qxe5 23. Qg4 Kh8 24. Qd4 Qxd4+ 25.
Nxd4 $14 {Hergott,D-Kosashvili,Y/Novi Sad olm (03) CAN-ISL 1990/1/2-1/2 (93)})
13. Re1 (13. Bf4 Bf6 (13... Re8 14. Qg4 $40 (14. Qg4 g6 15. Nh6+ Kg7 16. Qf3 f6
17. Rad1 d4 18. e5 $44 {Ksieski,Z-Dejkalo,S/Naleczow (13) 1985})) (13... Bc5 {
Hansen,Cu} 14. a3 Qf6 15. g4 Rfe8 16. e5 Rxe5 17. Bxe5 Qxe5 18. Qf3 Ne6 19.
Rfe1 Qf4 $13 {Najdorf-Morgado/Mar del Plata op 1987}) (13... g6 14. Nh6+ Kh8
15. Ng4 f6 16. Bh6 Rf7 17. Qf3 Bf8 18. Rad1 Bxh6 19. Nxh6 Rf8 20. Rfe1 Nc5 $15
{Orsag,M-Augustin,J/Brno/Morava-C (07) 1991}) 14. Nd6 (14. Qg4 $5 {/\ Rad1})
14... Bc8 15. exd5 (15. Rc1 $2 g5 $1 16. Nxc8 gxf4 $19) 15... Bxc3 $1 16. bxc3
Nxd5 17. Bxd5 cxd5 18. Qxd5 Be6 {Yusupov,A-Beliavsky,A/Munich 49/616 1990} 19.
Qh5 $2 (19. Qd4 $1 $10) 19... Qd7 20. Rfe1 Nc5 21. Re3 Rad8 22. Rae1 (22. Ne4
$5 $15) 22... Qa4 23. a3 $17 {Yusupov,A-Beliavsky,A/Munchen/1990/0-1 (40)}) (
13. Qg4 Bf6 14. Bf4 Bc8 15. e5 Bxf5 16. Qxf5 Be7 17. Rad1 $44) (13. exd5 cxd5 (
13... Nxd5 14. Nxd5 cxd5 15. Bf4 Nc5 16. Bxd5 Bxd5 17. Qxd5 $14 {Bukic,E-Jelen,
I/YUG ch 31/617 1981 (35)}) 14. Qg4 (14. Nxd5 Nxd5 15. Bxd5 Bxd5 16. Nxe7+ Qxe7
17. Qxd5 Nb4 $15 {Kulcsar,G-Sturm,G/HUN-ch32 ,CCS 01 1991 (27)}) (14. Ne3 Qd7
15. Nexd5 Nxd5 16. Nxd5 Rad8 17. Nxe7+ Qxe7 18. Qg4 Bxg2 19. Kxg2 Nc5 $15 {
Hakki,I-Handoko,E/Doha op (02) 1992}) 14... Bf6 15. Bh6 Bc8 16. Rad1 g6 $17 {
Paulsen,D-Spassky,B/BL 8384 Lasker-Solingen [2] 1984}) 13... Re8 (13... dxe4 $2
14. Bxe4 $2 (14. Qg4 Bf6 15. Bh6 Bc8 $8 16. Nxe4 g6 $1) (14. Nxe4 $1 Nd5 15.
Qg4 Bf6 16. Bh6 g6 $8 17. Bxf8 $16) 14... Bf6 15. Nd6 (15. Bf4 $5) 15... Bxc3
$1 16. Nxb7 (16. bxc3 Nc5 $1 17. Bc2 Ba6 18. Qh5 Bd3) 16... Qxd1 17. Rxd1 Be5
$1 {><f4} 18. Bxc6 {Romanishin,O-Orlov,G/Beograd 46/730 1988} Nb4 $6 (18... Ne6
$15) 19. Bg2 Ne6 {Romanishin,O-Orlov,G/Beograd/1988/1-0 (51)}) (13... Bf6 $5
14. e5 Be7 15. Qg4 g6 16. Nxe7+ (16. Bh6 Bc8 17. Nxe7+ Qxe7 18. Bxf8 Qxf8 19.
Qa4 $16 {Romanishin,O-Gruen,G/Plovdiv EUchT (03) 1983}) 16... Qxe7 17. Bg5 Qb4
$1 18. Qf3 Ne6 19. Bh6 Rfe8 $13) 14. Bf4 Bc5 15. h4 Bc8 16. a3 Bxf5 17. exf5
Rxe1+ 18. Qxe1 Qf6 {Zlotnik-Radocaj/Novi Sad op (06) 1988 (43)} 19. Qb1 h6 20.
Qc2 Bd6 21. Bd2 Re8 {Zlotnik-Radocaj/Novi Sad op (06)/1988/0-1 (43)}) 12... Ne6
$2 {N xd5} (12... dxe4 13. Qg4 Bf6 {N} (13... g6 14. Nc3 Ne6 $2 (14... Bc8 $142
15. Nxe7+ Qxe7 16. Qxe4 $14 (16. Qxe4 {Ftacnik} Qxe4 17. Nxe4 $14)) 15. Nxe4
Na6 16. Bh6 $18 {Barlov,D-Brunner,L Biel 1988 Barlov,D-Brunner,L/Biel (op)/
1988 Barlov,D-Brunner,L/Biel (op) 46/(730) 1988}) 14. Nc3 (14. Bh6 $2 {Hansen,
Cu} Bc8 $1 $17) 14... Bc8 15. Bxe4 (15. Nxe4 $2 Nd5 16. Bg5 (16. Nxf6+ {
Hansen,Cu} Qxf6 17. Re5 Be6 $1 {/\ Nd7-+}) 16... Bxg5 17. Nxg5 Qf6 $15 {
Barbero,G-Olafsson,H/Budapest/1989/} (17... Qf6 {Ftacnik} 18. Be4 h6 {Barbero,
G-Olafsson,H/MTK Budapest-Reykjavik S.K 48/699 1989 (27)} 19. Nh7 (19. Nxf7 $5
Kxf7 $1 20. Bxd5+ cxd5 21. Re7+ $1 Kg8 $19) 19... Kxh7 20. Ne7+ g6 21. Nxc8 Na6
22. Bxd5 cxd5 23. Ne7 Rad8 24. Rad1 Rfe8 25. Qa4 Nc5 26. Qc6 Qd6 27. b4 $2 Rxe7
{Barbero,G-Olafsson,H/MTK Budapest-Reykjavik/1989/0-1}) (17... h5 $5 {Hansen,Cu
} 18. Ne7+ $1 Qxe7 19. Qxh5 Nf6 20. Qh4 Qc7 21. Be4 $44)) 15... Nd5 $2 (15...
Bxf5 16. Qxf5 g6 17. Qf3 Ne6 18. Bh6 $44 (18. Bh6 Bg7 19. Rad1 Qc7 20. Be3 $44
{Barlov})) 16. Bh6 {Barlov,D-Abramovic,B/YUG 61/564 1994 (24)} g6 (16... Bxf5 {
Ftacnik} 17. Qxf5 g6 $8 18. Qf3 Nxc3 19. Bxf8 $1 Nxe4 20. Rxe4 Kxf8 21. Rd1 Nd7
$8 22. Qg4) 17. Bxf8 Kxf8 18. Bxd5 Bxf5 (18... cxd5 {Ftacnik} 19. Qb4+) 19.
Qb4+ Be7 20. Qb3 cxd5 21. Nxd5 $18 {Barlov,D-Abramovic,B/JUG/1994/ Barlov,
D-Abramovic,B/Jugoslavija/1994/1-0 (24)} (21. Nxd5 {Dautov} Be6 22. Rxe6 $1
fxe6 23. Qf3+ Ke8 24. Nxe7 {1-0 Barlov,D-Abramovic,B/Jugoslavija 1994})) (12...
Bf6 $5 {Dautov} 13. e5 Bc8 (13... Be7 {Ftacnik} 14. Qg4 g6 15. Nxe7+ Qxe7 16.
Bh6 Re8 17. Nd2 {/\ Nf3-g5~/= /\ Nf3-g5~/=}) 14. exf6 Bxf5 15. fxg7 Re8 16. Nc3
Rxe1+ 17. Qxe1 Nd7 18. h4 Qf6 {Tregubov,P-Gelman,A/Czestochowa op (05) 1992 
(43)} 19. Bg5 Qxg7 20. Qd2 Re8 $17 {Tregubov,P-Gelman,A/Czestochowa op (05)
1992}) (12... Re8 {Hansen,Cu} 13. Nc3 Bf8 14. Qg4 Kh8 15. Bf4 $44 {Barlov,D})
13. exd5 cxd5 14. Nc3 {><d5} (14. Bxd5 {Hansen,Cu} Nc6 $14) 14... Bb4 $8 15.
Qg4 $1 {[%cal Yg4b4,Yg4g8]} (15. Nxd5 $6 Bxd5 (15... Bxe1 16. Nde7+ Kh8 17.
Qxd8 Rxd8 18. Bxb7 Nd7 19. Bxa8 Rxa8 20. Nd6 $40) 16. Qxd5 Bxe1 17. Qxd8 Rxd8
18. Bxa8 Bd2 19. Bxd2 Rxd2 20. Rc1 g6 $10) (15. Nh6+ $5 {Ftacnik} gxh6 (15...
Kh8 16. Nxf7+ Rxf7 17. Rxe6 $16) 16. Qg4+ Kh8 17. Qxb4 Nc6 18. Qg4 d4 19. Nd5
$36) 15... Bxc3 16. bxc3 {[%cal Ye1e6] /\Rxe6 /\Rxe6 +-} Qf6 (16... g6 {Dautov}
17. Nh6+ Kg7 18. Nxf7 Rxf7 19. Qxe6 $16) (16... Qc7 {Dautov} 17. Ba3 Rd8 18.
Be7 $18) (16... Na6 $2 {Ftacnik} 17. Rxe6 $18) 17. Ba3 Nc5 $8 (17... Re8 $2 {
Dautov} 18. Nd6 (18. c4 $16 {Hansen,Cu}) 18... Re7 19. Nxb7 Rxb7 20. Bxd5 $18)
18. Bxc5 bxc5 $16 19. Ne7+ (19. Rab1 Bc8 20. Qxg7+ $1 (20. Ne7+ $2 Qxe7 21.
Rxe7 Bxg4 22. Bxd5 $13) 20... Qxg7 21. Nxg7 Kxg7 22. Bxd5 $16) 19... Kh8 20.
Rab1 Bc6 (20... Qxc3 {Dautov} 21. Nxd5 Qa5 22. Re7 Bc6 (22... Ba6 {Ftacnik} 23.
Nc7 $18) 23. Rxf7 $18) (20... Qa6 {Ftacnik} 21. Rxb7 Qxb7 22. Bxd5 Qd7 23. Qe2
$18) 21. Nxd5 Qd8 (21... Bxd5 {Dautov} 22. Bxd5 Nc6 23. Qf3 Qxf3 24. Bxf3 Rac8
25. Rb7 $16) 22. Rbd1 Qa5 (22... Nd7 $2 {Hansen,Cu} 23. Ne3 Qf6 (23... Bxg2 24.
Rxd7 Bf3 25. Rxd8 Bxg4 26. Rxf8+ Rxf8 27. Nxg4 $18) 24. Bxc6 Ne5 25. Nd5 $1 $18
) 23. Re7 $18 {/\Rxf7} (23. Qf5 $2 Nd7) 23... Na6 (23... Qxa2 {Ftacnik} 24.
Rxf7 $1 $18) 24. Qf5 {[%csl Rh7][%cal Yg2e4] /\Rxf7,/\Nf6 /\Be4, ><h7} Bxd5 (
24... Qa4 {Dautov} 25. Rd2 Rae8 26. Nf6 g6 27. Qh3 $18) (24... Kg8 {Ftacnik}
25. Nf6+ gxf6 26. Bxc6 $18) 25. Bxd5 Rad8 (25... Nc7 26. Bxf7 $18) 26. Rxa7 c4
27. Kg2 h6 (27... Qb6 {Ftacnik} 28. Be4 g6 29. Rxd8 Qxd8 30. Qe5+ f6 31. Rxh7+
$1 Kxh7 32. Qh5+) 28. Rd4 (28. Rxf7 Rxf7 29. Qxf7 Qxc3 30. Bxc4 $18) 28... Qb6
(28... Qxc3 {Dautov} 29. Be4 $18) 29. Be4 g6 30. Rxd8 (30. Rxd8 gxf5 (30...
Qxd8 31. Qe5+ f6 32. Qf4 $18) 31. Rxf8+ Kg7 32. Raxf7+ Kg6 33. Rxf5 $18 (33.
Bxf5+ {Ftacnik} Kh5 34. Rg7 $18)) 1-0